[Event "MT-Serial - Step 3, FINAL"]
[Site "SchemingMind.com"]
[Date "2007.03.27"]
[Round "-"]
[White "harmy"]
[Black "C. H. O'D. Schlechter"]
[Result "0-1"]
[WhiteCountry "USA"]
[BlackCountry "USA"]
[WhiteElo "1904"]
[WhiteRD "85"]
[BlackElo "2365"]
[BlackRD "65"]
[GameID "97678"]

1. d4 e6 2. c4 f5 3. Nc3 Nf6 4. g3 Be7 5. Bg2 d5 6. Bf4 O-O 7. Qb3 c6 8. Nf3 Nbd7 9. Ne5 Nxe5 10. dxe5 Nd7
11. O-O-O Nc5 12. Qc2 Qa5 13. Bd2 Qa6 14. cxd5 exd5 15. Be3 Be6 16. f4 b5 17. Bxc5 Bxc5 18. Kb1 Bb6 19. Nxd5 cxd5 20. Bxd5 Bxd5
21. Rxd5 b4 22. e4 Rac8 23. Qb3 fxe4 24. Rd4+ Kh8 25. Rxe4 Qb7 26. Ree1 Rfd8 27. e6 Bf2 28. Rc1 Qe4+ 29. Ka1 Be3 30. Rcd1 Rxd1+
31. Rxd1 Bb6 32. Rf1 h6 33. f5 Qxf5 34. Re1 Qe4 35. Qd1 Be3 36. Qd7 Qc4
0-1